[Event "ThinKing_1"]
[Site "http://www.queenalice.com/game.php?id=1482739"]
[Date "2017.6.18"]
[Round "-"]
[White "stefan67"]
[Black "chessplayer123"]
[Result "1/2-1/2"]
[WhiteElo "1500"]
[BlackElo "1917"]

1. e4 e5 2. Bc4 Nc6 3. Nc3 Nf6 4. Nf3 d6 5. h3 Be7 6. O-O a6 7. a4 Be6 8. Nd5
O-O 9. Nxe7+ Qxe7 10. Bxe6 fxe6 11. d3 Nd4 12. Be3 c5 13. Nd2 b5 14. c3 Nc6 15.
axb5 axb5 16. Qb3 b4 17. Qc2 bxc3 18. bxc3 Qb7 19. Rfb1 Rxa1 20. Rxa1 Ra8 21.
Rxa8+ Qxa8 22. Qb2 h6 23. f4 1/2-1/2

[Event "ThinKing_2"]
[Site "http://www.queenalice.com/game.php?id=1482740"]
[Date "2017.6.18"]
[Round "-"]
[White "chessplayer123"]
[Black "stefan67"]
[Result "0-1"]
[WhiteElo "1838"]
[BlackElo "1868"]

1. e4 e5 2. Nf3 Nc6 3. Bc4 Be7 4. d3 d6 5. Be3 Na5 6. Nc3 Nxc4 7. dxc4 Be6 8.
Nd5 c6 9. Nxe7 Nxe7 10. b3 f5 11. exf5 Nxf5 12. Bd2 O-O 13. Ng5 Qe8 14. Bc3 Qe7
15. Ne4 Rad8 16. a3 d5 17. Bb4 dxe4 18. Bxe7 Rxd1+ 19. Rxd1 Nxe7 20. O-O Nf5 21.
Rfe1 Bc8 22. Rxe4 Nd4 23. Rxe5 Nxc2 24. a4 Nb4 25. h3 b6 26. Rd4 c5 27. Rde4 Nd3
28. Re8 Kf7 29. Rxf8+ Kxf8 30. f4 Kf7 31. g4 Bb7 32. Re3 Nxf4 33. Kf2 Ne6 34.
Kg3 g5 35. h4 h6 36. hxg5 hxg5 37. Rd3 Nd4 38. b4 Be4 39. Re3 Bc2 40. bxc5 Bxa4
41. cxb6 axb6 42. Re5 Ne6 43. Rf5+ Ke7 44. Re5 Kd6 45. Re4 b5 46. cxb5 Bxb5 47.
Rb4 Bd7 48. Rc4 Nf8 49. Rb4 Nh7 50. Rb6+ Bc6 51. Rb8 Nf6 52. Rh8 Ke5 53. Rc8
Ne4+ 54. Kh3 Bd7 55. Rc7 Be6 56. Rc2 Kf4 57. Rg2 Kf3 0-1

[Event "AUTO-OPEN-3815"]
[Site "http://www.queenalice.com/game.php?id=1482826"]
[Date "2017.6.19"]
[Round "1"]
[White "Eggchaser"]
[Black "stefan67"]
[Result "0-1"]
[WhiteElo "1838"]
[BlackElo "1500"]

1. e4 e5 2. Nf3 Nc6 3. Bb5 a6 4. Ba4 Nf6 5. O-O b5 6. Bb3 Be7 7. c3 O-O 8. d3 d6
9. Bg5 Be6 10. Bc2 h6 11. Bh4 Ne8 12. Bxe7 Qxe7 13. h3 f5 14. Nbd2 fxe4 15. dxe4
Qf7 16. Bb3 Nf6 17. Bxe6 Qxe6 18. Qb3 Qxb3 19. axb3 a5 0-1

[Event "AUTO-OPEN-3815"]
[Site "http://www.queenalice.com/game.php?id=1482827"]
[Date "2017.6.19"]
[Round "1"]
[White "stefan67"]
[Black "Eggchaser"]
[Result "1-0"]
[WhiteElo "1746"]
[BlackElo "1833"]

1. e4 c5 2. Nf3 d6 3. Bc4 e6 4. c3 a6 5. d4 cxd4 6. cxd4 Nf6 7. Nc3 Be7 8. Be3
O-O 9. a3 Nc6 10. O-O Nxe4 11. Nxe4 d5 12. Bxd5 exd5 13. Nc3 Bg4 14. h3 Be6 15.
Rc1 Rc8 16. Re1 Re8 17. Qd2 Na5 18. Qc2 h6 19. Nd2 Rc7 20. Qa4 Nc4 21. Nxc4 Rxc4
22. Qd1 b5 23. b3 Rc6 24. a4 bxa4 25. bxa4 Qa5 26. Bd2 Qc7 27. Qf3 Rc8 28. Nxd5
Bxd5 29. Qxd5 Rxc1 30. Rxc1 Qd8 31. Qxd8+ Rxd8 32. Rc4 1-0

[Event "AUTO-OPEN-3815"]
[Site "http://www.queenalice.com/game.php?id=1482856"]
[Date "2017.6.19"]
[Round "1"]
[White "stefan67"]
[Black "junipero"]
[Result "1-0"]
[WhiteElo "1965"]
[BlackElo "2082"]

1. e4 c5 2. Nf3 Nc6 3. Nc3 d6 4. Be2 e5 5. O-O Nf6 6. d3 h6 7. h3 Be7 8. Ne1 O-O
9. f4 exf4 10. Bxf4 Ne5 11. Nf3 a6 12. Nxe5 dxe5 13. Bxe5 b5 14. Bf3 Bb7 15. Rb1
Nd7 16. Bf4 Bg5 17. Qd2 Ne5 18. Bxg5 Nxf3+ 19. Rxf3 hxg5 20. Qe3 Rc8 21. Rbf1
Qd4 22. R1f2 f6 23. Qxd4 cxd4 24. Nb1 Rc7 25. c3 dxc3 26. Nxc3 Rfc8 27. a3 Kf7
28. Re3 Ke6 29. d4 Rc4 30. Rd2 Rd8 31. d5+ Ke5 32. g3 g6 33. Kf2 Rd4 34. Rdd3
Rxd3 35. Rxd3 f5 36. Re3 f4 37. gxf4+ gxf4 38. Re1 Rh8 39. Rh1 Rh4 40. Kg2 Bc8
41. Rh2 g5 42. Rh1 g4 43. hxg4 Rxh1 44. Kxh1 Bxg4 45. Kg2 Kd4 46. Kf2 Kd3 47. e5
Kc2 48. e6 Kxb2 49. e7 Bd7 50. Ne4 Be8 51. Nf6 Bf7 52. d6 Kxa3 53. d7 b4 54.
d8=Q b3 55. Qa5+ Kb2 56. Qxa6 Kc2 57. Qe2+ Kc1 58. Ne4 b2 59. Nc3 Bh5 60. Qxh5
f3 61. Qxf3 b1=Q 62. Qd1+ Kb2 63. Nxb1 Ka2 64. e8=R Ka1 65. Rb8 Ka2 66. Qa4# 1-0

[Event "AUTO-OPEN-3815"]
[Site "http://www.queenalice.com/game.php?id=1482857"]
[Date "2017.6.19"]
[Round "1"]
[White "junipero"]
[Black "stefan67"]
[Result "1/2-1/2"]
[WhiteElo "2082"]
[BlackElo "1942"]

1. d4 Nf6 2. c4 e5 3. e3 exd4 4. exd4 d5 5. cxd5 Nxd5 6. Nc3 Bb4 7. Bd2 O-O 8.
a3 Ba5 9. Nf3 Bg4 10. Be2 Re8 11. O-O c6 12. h3 Be6 13. Nxd5 Bxd5 14. b4 Bc7 15.
Bc3 Qd6 16. g3 Nd7 17. Ne5 Nxe5 18. dxe5 Qh6 19. Bf3 Bxf3 20. Qxf3 Bxe5 21. Bxe5
Rxe5 22. h4 Rd8 23. Rad1 Red5 24. Rfe1 Kf8 25. Rxd5 Rxd5 26. Qe4 Qe6 27. Qxe6
fxe6 28. Rxe6 Rd3 29. a4 Rd4 30. b5 cxb5 31. axb5 Rb4 32. Re5 a5 33. bxa6 bxa6
34. Ra5 Rb6 35. g4 Kf7 36. Kg2 g6 37. f3 h6 38. f4 Kf6 39. h5 Rc6 40. hxg6 Kxg6
41. Kg3 Rb6 42. Kh4 Rc6 43. f5+ Kg7 44. Kh5 Kh7 45. g5 hxg5 46. Kxg5 Kg7 47. Rd5
Rc7 48. Rd6 Ra7 49. f6+ Kf7 50. Kh6 a5 51. Kg5 a4 52. Rd2 a3 53. Ra2 Ra5+ 54.
Kf4 Kxf6 55. Ke4 Ra4+ 56. Kd3 Rh4 57. Kc3 Rh3+ 1/2-1/2

[Event "AUTO-OPEN-3815"]
[Site "http://www.queenalice.com/game.php?id=1482858"]
[Date "2017.6.19"]
[Round "1"]
[White "stefan67"]
[Black "bjonil60"]
[Result "1-0"]
[WhiteElo "1991"]
[BlackElo "1100"]

1. e4 e5 2. Bc4 Nc6 3. Nc3 Nf6 4. a3 d6 5. d3 a6 6. h3 h6 7. f4 exf4 8. Bxf4 g5
9. Be3 b6 10. Nf3 b5 11. Ba2 Na7 12. b4 Nc6 13. Nd5 Nxd5 14. Bxd5 Ne7 15. Bxa8
c6 16. a4 bxa4 17. Rxa4 Bxh3 18. Bxc6+ Nxc6 19. Rxh3 g4 20. Rh1 gxf3 21. gxf3 f6
22. Qd2 Qb8 23. Qc3 Ne5 24. Ke2 Qb5 25. Rha1 d5 26. Rxa6 Bxb4 27. Qc7 Qd7 28.
Qb8+ Ke7 29. Qxh8 Nf7 30. Qg8 Qh3 31. Ra7+ Ke6 32. Qxf7+ Ke5 33. Qxd5# 1-0

[Event "AUTO-OPEN-3815"]
[Site "http://www.queenalice.com/game.php?id=1482859"]
[Date "2017.6.19"]
[Round "1"]
[White "bjonil60"]
[Black "stefan67"]
[Result "0-1"]
[WhiteElo "1100"]
[BlackElo "1991"]

1. Nc3 Nf6 2. e3 e5 3. Nf3 Nc6 4. Be2 d5 5. a3 Bd6 6. O-O Be6 7. h3 O-O 8. g3
Bxh3 9. Re1 Bg4 10. Kg2 h6 11. Ng1 Bxe2 12. Qxe2 Re8 13. d3 d4 14. Na2 Qd7 15.
c3 Rad8 16. cxd4 exd4 17. e4 Ne5 18. f3 Re6 19. f4 Nc6 20. f5 Re7 21. b3 Ne5 22.
b4 Qb5 23. Rb1 Qxd3 24. Qxd3 Nxd3 25. Rd1 Nxc1 26. Rbxc1 Rxe4 27. a4 Be5 28. Rc4
Re3 29. Nf3 Re2+ 30. Kh3 Rxa2 31. Nxe5 c6 32. a5 Re8 33. Rc5 Rd8 34. g4 Ne4 35.
Rc4 Nf2+ 36. Kh4 Nxd1 37. Kh5 Rh2# 0-1

[Event "Challenge"]
[Site "http://www.queenalice.com/game.php?id=1485212"]
[Date "2017.7.7"]
[Round "-"]
[White "LouisLeRouge"]
[Black "stefan67"]
[Result "1-0"]
[WhiteElo "2053"]
[BlackElo "2039"]

1. e4 e5 2. Nf3 Nc6 3. d4 exd4 4. Nxd4 Qf6 5. Be3 Bc5 6. Nb5 Bd6 7. Nxd6+ Qxd6
8. Qxd6 cxd6 9. Nc3 Nf6 10. Be2 Nb4 11. O-O-O a6 12. a3 Nc6 13. Bg5 Ke7 14. Nd5+
1-0

[Event "Challenge"]
[Site "http://www.queenalice.com/game.php?id=1486360"]
[Date "2017.7.16"]
[Round "-"]
[White "gfalk"]
[Black "stefan67"]
[Result "0-1"]
[WhiteElo "1957"]
[BlackElo "1976"]

1. f4 e5 2. fxe5 d6 3. exd6 Bxd6 4. Nf3 b6 5. g3 Bb7 6. Bg2 Nf6 7. d4 Nbd7 8.
O-O O-O 9. Bg5 Re8 10. Nbd2 c5 11. c3 cxd4 12. cxd4 Rc8 13. Ne4 Bxe4 14. Nd2
Bxg2 15. Kxg2 Qc7 16. Rf3 Nd5 17. Rc1 Qxc1 0-1

[Event "Challenge"]
[Site "http://www.queenalice.com/game.php?id=1488500"]
[Date "2017.8.2"]
[Round "-"]
[White "knight576"]
[Black "stefan67"]
[Result "1-0"]
[WhiteElo "2249"]
[BlackElo "2003"]

1. e4 e5 2. Nf3 Nc6 3. Bc4 Be7 4. Nc3 Nf6 5. O-O O-O 6. d3 d6 7. a3 Be6 8. Ba2
Bxa2 9. Rxa2 Re8 10. Be3 Bf8 11. Ra1 d5 12. Bg5 Be7 13. Bxf6 Bxf6 14. Nxd5 Re6
15. c3 Qd6 16. Qb3 Rb8 17. Rad1 Ne7 18. Nxf6+ Rxf6 19. d4 Qc6 20. Nxe5 Qxe4 21.
Rde1 Qf5 22. Nxf7 Rxf7 23. Rxe7 Kf8 24. Rxf7+ Qxf7 25. Qxf7+ Kxf7 26. Re1 Rd8
27. Re5 Kf6 28. f4 Rd7 29. h4 g6 30. Kf2 1-0

[Event "Challenge"]
[Site "http://www.queenalice.com/game.php?id=1488502"]
[Date "2017.8.2"]
[Round "-"]
[White "stefan67"]
[Black "knight576"]
[Result "0-1"]
[WhiteElo "1991"]
[BlackElo "2201"]

1. e4 e5 2. Bc4 Nc6 3. Nc3 Nf6 4. a3 Nd4 5. d3 c6 6. Nf3 d5 7. exd5 cxd5 8. Ba2
Bg4 9. O-O Bxf3 10. gxf3 Qd7 11. Kg2 O-O-O 12. Be3 Nc6 13. Bg5 Qf5 14. Bxf6 gxf6
15. Bxd5 Rg8+ 16. Kh1 Bh6 17. Rg1 Bf4 18. Qf1 Qh5 19. Rg2 Ne7 20. Bb3 Rxg2 21.
Qxg2 Rg8 22. Bxf7 Qxf7 23. Qh3+ Kb8 24. Rd1 Rg6 25. Ne4 Rh6 0-1